LEADER 01093nam0-2200361li-450 001 990000248220203316 005 20180312154632.0 010 $a0-201-59375-0 035 $a0024822 035 $aUSA010024822 035 $a(ALEPH)000024822USA01 035 $a0024822 100 $a20001109d1995----km-y0itay0103----ba 101 0 $aeng 102 $aGB 200 1 $aDatabase security$fSilvana Castano ... [et al.] 210 $aWokingham [etc.]$cAddison-Wesley Publishing Company$dcopyr. 1995 215 $aXIX, 456 p.$cill.$d24 cm 610 1 $asicurezza dei dati 676 $a0058$9Sicurezza dei dati 702 1$aCastano,$bSilvana 801 $aSistema bibliotecario di Ateneo dell' Università di Salerno$gRICA 912 $a990000248220203316 951 $a005.8 DAT$b0018810$c005.8$d00106561 959 $aBK 969 $aSCI 979 $c19960407 979 $c20001110$lUSA01$h1715 979 $aALANDI$b90$c20010327$lUSA01$h1735 979 $c20020403$lUSA01$h1633 979 $aPATRY$b90$c20040406$lUSA01$h1618 996 $aDatabase security$91488826 997 $aUNISA